Over to you, Kadambari/ (Record no. 855366)
[ view plain ]
| 000 -LEADER | |
|---|---|
| fixed length control field | 01270nam a2200373 a 4500 |
| 001 - CONTROL NUMBER | |
| control field | vtls001392219 |
| 003 - CONTROL NUMBER IDENTIFIER | |
| control field | NLI |
| 005 - DATE AND TIME OF LATEST TRANSACTION | |
| control field | 20210627112834.0 |
| 008 - FIXED-LENGTH DATA ELEMENTS--GENERAL INFORMATION | |
| fixed length control field | 121012 2004 ii g 000 f eng d |
| 020 ## - INTERNATIONAL STANDARD BOOK NUMBER | |
| International Standard Book Number | 8187649291 (pbk) |
| Terms of availability | Rs. 250.00 |
| 039 #9 - LEVEL OF BIBLIOGRAPHIC CONTROL AND CODING DETAIL [OBSOLETE] | |
| -- | 201210121921 |
| -- | tarapadan |
| 040 ## - CATALOGING SOURCE | |
| Original cataloging agency | NLI |
| Language of cataloging | eng |
| 041 ## - LANGUAGE CODE | |
| Language code of text/sound track or separate title | eng |
| Language code of original | hin |
| 044 ## - COUNTRY OF PUBLISHING/PRODUCING ENTITY CODE | |
| MARC country code | ii |
| 082 04 - DEWEY DECIMAL CLASSIFICATION NUMBER | |
| Classification number | 891.433 |
| Edition number | 22 |
| 100 1# - MAIN ENTRY--PERSONAL NAME | |
| Personal name | Saraogi, Alka |
| 9 (RLIN) | 954490 |
| 245 10 - TITLE STATEMENT | |
| Title | Over to you, Kadambari/ |
| Statement of responsibility, etc. | Alka Saraogi; translated by Vandana R. Singh; edited by Geeta Dharmarajan |
| 246 30 - VARYING FORM OF TITLE | |
| Title proper/short title | Kadambari |
| 260 ## - PUBLICATION, DISTRIBUTION, ETC. | |
| Place of publication, distribution, etc. | New Delhi: |
| Name of publisher, distributor, etc. | Katha, |
| Date of publication, distribution, etc. | 2004 |
| 300 ## - PHYSICAL DESCRIPTION | |
| Extent | 222 p. ; |
| Dimensions | 21 cm. |
| 504 ## - BIBLIOGRAPHY, ETC. NOTE | |
| Bibliography, etc. note | Includes bibliographical references |
| 650 #0 - SUBJECT ADDED ENTRY--TOPICAL TERM | |
| Topical term or geographic name entry element | Hindi fiction |
| General subdivision | Translations into English |
| 9 (RLIN) | 733647 |
| 650 #0 - SUBJECT ADDED ENTRY--TOPICAL TERM | |
| Topical term or geographic name entry element | English fiction |
| General subdivision | Translated from Hindi |
| 9 (RLIN) | 905293 |
| 700 1# - ADDED ENTRY--PERSONAL NAME | |
| Personal name | Singh, Vandana R., |
| Relationship | trl |
| 9 (RLIN) | 974022 |
| 700 1# - ADDED ENTRY--PERSONAL NAME | |
| Personal name | Dharmarajan, Geeta, |
| Relationship | edt |
| 9 (RLIN) | 974023 |
| 887 ## - NON-MARC INFORMATION FIELD | |
| Content of non-MARC field | Tarapada Naskar |
| 901 ## - LOCAL DATA ELEMENT A, LDA (RLIN) | |
| a | DB 127577 : |
| b | 02.12.2011 |
| 902 ## - LOCAL DATA ELEMENT B, LDB (RLIN) | |
| a | E 891.433 Sa 74 |
| 904 ## - LOCAL DATA ELEMENT D, LDD (RLIN) | |
| a | Tarapada Naskar |
| 949 ## - LOCAL PROCESSING INFORMATION (OCLC) | |
| -- | VIRTUAITEM |
| -- | 10012 |
| -- | 100 |
| 6 | DBA000127577ENG |
| 942 ## - ADDED ENTRY ELEMENTS (KOHA) | |
| Source of classification or shelving scheme | Dewey Decimal Classification |
| Koha item type | Books |
| Withdrawn status | Lost status | Damaged status | Not for loan | Collection code | Home library | Current library | Shelving location | Date acquired | Total Checkouts | Full call number | Barcode | Date last seen | Price effective from | Koha item type |
|---|---|---|---|---|---|---|---|---|---|---|---|---|---|---|
| New English | National Library of India | National Library of India | New English - Main Stack Division | E 891.433 Sa 74 | DBA000127577ENG | 27/06/2021 | 27/06/2021 | Books |
